| 000 | 00546nam a22001937a 4500 | ||
|---|---|---|---|
| 999 |
_c35752 _d35752 |
||
| 003 | OSt | ||
| 005 | 20220707152418.0 | ||
| 008 | 220707b ||||| |||| 00| 0 spa d | ||
| 020 | _a978-987-629-140-8 | ||
| 040 | _cBiblioteca Ernesto Sábato | ||
| 092 |
_a321.8 _bP845 _eBDGR |
||
| 100 | _aPrzeworski, Adam | ||
| 245 |
_aQué esperar de la democracia _b: límites y posibilidades del autogobierno |
||
| 260 |
_aBuenos Aires _bSiglo XXI _c2010 |
||
| 300 | _a285 p. | ||
| 440 | _aDerecho y política | ||
| 650 | _aDEMOCRACIA | ||
| 942 |
_2ddc _cBDGR |
||